000 00675nam a22001937a 4500
005 20100814153324.0
010 _aENG-100417
020 _a9788190756358
_c80.00
035 _aEN-83950
037 _bDBAD/PUB
082 _a658.84
100 _aEzhumalai, M.
_913515
245 _aTheory and practice of e-commerce /
_cby M. Ezhumalai
260 _aChennai
_bKamaraj Pathipagam
_c2008
270 _a14/135, Kamaraj Street K. K. district
_bChennai
300 _a112p.
_c20cm (pbk)
942 _2ddc
_cEN
_h658.84
_mEZH
999 _c41972
_d41972